000 00345cam a2200145ua 4500
041 _ahin
_h
082 _a891.43
_bGOV/MR
100 _aGovind, singh .
245 _aMirlalini /
_cGovind singh.
_hTextual Documents
260 _a :
_bHindiprachara pustkalay ,
_c1961.
300 _a91 ; .
504 _a
942 _cBK
999 _c12179
_d12179